'Son' Names for Gentlemen Quiz Stats

Quiz Updated Jul 15, 2013

Challenge
Share
Tweet
Embed
Score 0/60 Timer 10:00
1 Play Today
Year Name % Correct
1900Jackson
75%
1920Jackson
75%
1930Jackson
75%
1940Jackson
75%
1950Jackson
75%
1990Jackson
75%
2000Jackson
75%
2010Jackson
75%
1980Mason
55.8%
1990Mason
55.8%
2000Mason
55.8%
2010Mason
55.8%
1950Jason
53.5%
1960Jason
53.5%
1970Jason
53.5%
1980Jason
53.5%
1990Jason
53.5%
2000Jason
53.5%
2010Jason
53.5%
1900Wilson
47.7%
1910Wilson
47.7%
1920Wilson
47.7%
1930Wilson
47.7%
1940Wilson
47.7%
1950Wilson
47.7%
1960Wilson
47.7%
1970Wilson
47.7%
1900Harrison
43.8%
1910Harrison
43.8%
1920Harrison
43.8%
Year Name % Correct
1930Harrison
43.8%
1940Harrison
43.8%
1950Harrison
43.8%
1960Harrison
43.8%
1990Harrison
43.8%
2000Carson
40.8%
2010Carson
40.8%
1960Jefferson
32.8%
1970Jefferson
32.8%
1900Anderson
31.7%
1910Anderson
31.7%
1980Tyson
26.4%
1900Nelson
22.5%
1910Nelson
22.5%
1920Nelson
22.5%
1930Nelson
22.5%
1940Nelson
22.5%
1950Nelson
22.5%
1960Nelson
22.5%
1970Nelson
22.5%
1980Nelson
22.5%
1990Nelson
22.5%
2010Bryson
18.4%
2000Dawson
17.2%
1970Jayson
15.2%
1980Jayson
15.2%
1910Emerson
12.3%
1920Emerson
12.3%
1930Emerson
12.3%
1940Emerson
12.3%

You're not logged in!

Compare scores with friends on all Sporcle quizzes.
Sign Up with Email
OR
Log In

You Might Also Like...

Show Comments

Extras

Top Quizzes Today


Score Distribution

Your Account Isn't Verified!

In order to create a playlist on Sporcle, you need to verify the email address you used during registration. Go to your Sporcle Settings to finish the process.